Pieces of Maps (South America II) Quiz Stats

 Plays Quiz Updated May 8, 2019

Support Sporcle.
Go Orange.
Score 0/10 Timer 04:00
2 Plays Today
% Correct
1✓
84.9%
10✓
83.8%
5✓
83.7%
4✓
80.7%
6✓
80.6%
2✓
77.6%
8✓
75.8%
7✓
75.7%
9✓
74.9%
3✓
74.4%

You're not logged in!

Compare scores with friends on all Sporcle quizzes.
OR
Log In

From the Vault

Rappers (A-Z)

by timschurz

From A-Z to Jay-Z. It's a new kind of alphabet we've been working on.
Remove Ads.
Support Sporcle.
Get the best of Sporcle when you Go Orange. This ad-free experience offers more features, more stats, and more fun while also helping to support Sporcle. Thank you for becoming a member.

Show Comments

Extras

Top Quizzes Today


Score Distribution

Your Account Isn't Verified!

In order to create a playlist on Sporcle, you need to verify the email address you used during registration. Go to your Sporcle Settings to finish the process.

Report this User

Report this user for behavior that violates our Community Guidelines.

Details: